000 00522nam a2200193 i 4500
001 2-00277740
003 PPAK
005 20180728113054.0
008 070123s my a|||| ||||| | may d
022 _a1675-0428
040 _aPPAK
_beng
_cPPAK
_erda
245 0 0 _aNona ( Januari - Jun 2005 )
_bHidup masakini
264 1 _aKuala Lumpur:
_bKarangkraf Publication,
336 _2rdacontent
_atext
337 _2rdamedia
_aunmediated
338 _2rdacarrier
_avolume
650 1 0 _aWomen - Periodicals
942 _ddc
_cSR
999 _c168488
_d168488